<?xml version="1.0" encoding="UTF-8"?>
<record
    xmlns:xsi="http://www.w3.org/2001/XMLSchema-instance"
    xsi:schemaLocation="http://www.loc.gov/MARC21/slim http://www.loc.gov/standards/marcxml/schema/MARC21slim.xsd"
    xmlns="http://www.loc.gov/MARC21/slim">

  <leader>01105nam a22002297a 4500</leader>
  <controlfield tag="005">20150623110403.0</controlfield>
  <controlfield tag="008">150617b2006    ck ||||| |||| 00| 0 spa d</controlfield>
  <datafield tag="020" ind1=" " ind2=" ">
    <subfield code="a">9589767966</subfield>
  </datafield>
  <datafield tag="040" ind1=" " ind2=" ">
    <subfield code="a">CO-BoIAVH</subfield>
    <subfield code="c">CO-BoIAVH</subfield>
  </datafield>
  <datafield tag="041" ind1="0" ind2=" ">
    <subfield code="a">spa</subfield>
  </datafield>
  <datafield tag="044" ind1=" " ind2=" ">
    <subfield code="a">ck</subfield>
  </datafield>
  <datafield tag="082" ind1=" " ind2="4">
    <subfield code="a">338.48</subfield>
    <subfield code="b">M665i</subfield>
  </datafield>
  <datafield tag="110" ind1="1" ind2=" ">
    <subfield code="a">Ministerio de Ambiente, Vivienda y Desarrollo Territorial</subfield>
    <subfield code="b">Unidad T&#xE9;cnica Ozono</subfield>
    <subfield code="9">34702</subfield>
  </datafield>
  <datafield tag="245" ind1="1" ind2="0">
    <subfield code="a">Implementaci&#xF3;n del Protocolo de Montreal en Colombia</subfield>
    <subfield code="b">Proteger la capa de ozono es proteger la vida/</subfield>
    <subfield code="c">Ministerio de Ambiente, Vivienda y Desarrollo Territorial</subfield>
  </datafield>
  <datafield tag="260" ind1="3" ind2=" ">
    <subfield code="a">Colombia:</subfield>
    <subfield code="b">Panamericana formas e impresos,</subfield>
    <subfield code="c">2004.</subfield>
  </datafield>
  <datafield tag="300" ind1=" " ind2=" ">
    <subfield code="a">146 p.</subfield>
    <subfield code="b">graf., fot., tab.</subfield>
    <subfield code="c">28 cm.</subfield>
  </datafield>
  <datafield tag="520" ind1=" " ind2=" ">
    <subfield code="a">Este un documento gu&#xED;a que sirve como texto de referencia en materia de implementaci&#xF3;n del Protocolo de Montreal en el pa&#xED;s y para la ejecuci&#xF3;n de actividades de eliminaci&#xF3;n del consumo de Sustancias Agotadoras de Ozono.</subfield>
  </datafield>
  <datafield tag="650" ind1=" " ind2="4">
    <subfield code="a">Protecci&#xF3;n Ambiental </subfield>
    <subfield code="z">Colombia </subfield>
    <subfield code="9">34703</subfield>
  </datafield>
  <datafield tag="650" ind1=" " ind2="4">
    <subfield code="a">Pol&#xED;tica Ambiental</subfield>
    <subfield code="z">Colombia</subfield>
    <subfield code="9">34704</subfield>
  </datafield>
  <datafield tag="650" ind1=" " ind2="4">
    <subfield code="a">Ozono</subfield>
    <subfield code="z">Colombia</subfield>
    <subfield code="v">Gesti&#xF3;n Ambiental</subfield>
    <subfield code="9">34705</subfield>
  </datafield>
  <datafield tag="942" ind1=" " ind2=" ">
    <subfield code="2">ddc</subfield>
    <subfield code="c">LIBRO</subfield>
  </datafield>
  <datafield tag="999" ind1=" " ind2=" ">
    <subfield code="c">17468</subfield>
    <subfield code="d">17468</subfield>
  </datafield>
  <datafield tag="952" ind1=" " ind2=" ">
    <subfield code="0">0</subfield>
    <subfield code="1">0</subfield>
    <subfield code="2">ddc</subfield>
    <subfield code="4">0</subfield>
    <subfield code="7">0</subfield>
    <subfield code="8">GENERAL</subfield>
    <subfield code="A">2004</subfield>
    <subfield code="I">INV2017</subfield>
    <subfield code="a">Bogota</subfield>
    <subfield code="b">Bogota</subfield>
    <subfield code="d">2015-06-17</subfield>
    <subfield code="l">0</subfield>
    <subfield code="o">LB-338.48 M665i</subfield>
    <subfield code="p">039072</subfield>
    <subfield code="r">2015-06-17 00:00:00</subfield>
    <subfield code="t">Ej. 1</subfield>
    <subfield code="w">2015-06-17</subfield>
    <subfield code="x">Donaci&#xF3;n</subfield>
    <subfield code="y">LIBRO</subfield>
  </datafield>
</record>
